Chương trình giáo dục đại học hệ chính quy theo hệ thống tín chỉ ngành kế toán

Thông tin chung về chương trình đào tạo theo học chế tín chỉ; Đề cương chi tiết học phần

שמור ב:
מידע ביבליוגרפי
Nhiều tác giả của công ty: Bộ Giáo dục và đào tạo, Ngân hàng phát triển Châu Á
פורמט: ספר
שפה:Vietnamese
יצא לאור: Cần Thơ Đại học Cần Thơ 2013
סדרה:Sách Dự án phát triển giáo viên THPT & TCCN
נושאים:
תגים: הוספת תג
אין תגיות, היה/י הראשונ/ה לתייג את הרשומה!
Thư viện lưu trữ: Mạng thư viện Đại học Đà Nẵng
LEADER 01688nam a2200385 4500
001 000018492
003 14924
005 20131114081155.0
008 131114s2013 viesd
041 0 |a vie 
082 1 4 |a 657.071  |b BÔG 
110 1 |a Bộ Giáo dục và đào tạo 
245 1 0 |a Chương trình giáo dục đại học hệ chính quy theo hệ thống tín chỉ ngành kế toán  |c Bộ Giáo dục và Đào tạo, Ngân hàng phát triển Châu Á 
246 |a Chương trình giáo dục đại học hệ chính qui theo hệ thống tín chỉ ngành kế toán 
260 |a Cần Thơ  |b Đại học Cần Thơ  |c 2013 
300 |a 295 tr.  |c 27 cm. 
490 |a Sách Dự án phát triển giáo viên THPT & TCCN 
500 |a Sách Dự án phát triển giáo viên THPT & TCCN - Trường Đại học Hà Tĩnh 
520 3 |a Thông tin chung về chương trình đào tạo theo học chế tín chỉ; Đề cương chi tiết học phần 
650 0 4 |a Kế toán  |x Dạy và học 
650 0 4 |a Kế toán  |x Giáo dục đại học 
653 |a Kế toán 
653 |a Hệ thống tín chỉ 
653 |a Giáo dục đại học 
710 1 |a Ngân hàng phát triển Châu Á 
OWN |a LSP 
AVA |a UDN50  |b LSP  |d 657.071 BÔG  |e check_holdings  |t Error 5003 Not defined in file expand_doc_bib_avail.  |h N  |k 1 
999 |a From the UDN01 
AVA |a UDN50  |b LSP  |d 657.071 BÔG  |e available  |t Error 5001 Not defined in file expand_doc_bib_avail.  |f 13  |g 7  |h N  |i 0  |k 1 
TYP |a Monograph 
TYP |a Printed language 
980 |a Mạng thư viện Đại học Đà Nẵng